Statistics for A Nightmare on Elm Street Movies

Click here to take the quiz!

General Stats

  • This quiz has been taken 220 times
  • The average score is 6 of 9

Answer Stats

HintAnswer% Correct
2010A Nightmare on Elm Street
96%
1984A Nightmare on Elm Street
96%
2003Freddy vs. Jason
77%
1987A Nightmare on Elm Street 3: Dream Warriors
75%
1991Freddy's Dead: The Final Nightmare
72%
1985A Nightmare on Elm Street 2: Freddy's Revenge
71%
1994Wes Craven's New Nightmare
67%
1989A Nightmare on Elm Street 5: The Dream Child
53%
1988A Nightmare on Elm Street 4: The Dream Master
42%

Score Distribution

Percentile by Number Answered

Percent of People with Each Score

Your Score History

You have not taken this quiz